000 01141nam a22003137a 4500
003 CHAP
005 20220329140018.0
008 971013s1975 r 00010 d
010 _a45522
011 _a46494
035 _a50635
040 _cCHAP
090 _aTesis
100 0 0 _aRégules Sánchez, Jorge Arturo.
_999030
245 _aLocalización y tamaño óptimo de rastros frigoríficos para carne de bovinos, en la zona centro-sur del estado de Veracruz, utilizando el método sintético de análisis de costos
260 _aMonterrey, N. L. :
_bEl autor,
_c1975
300 _a89 h.
_b; gráfs.
502 _aTesis (Ing. Agr. Administrador) -- ITESM. División de Ciencias Agropecuarias y Marítimas
590 _aALEPH
_b10
_c20130110
_lUCH01
_h1315
590 _aBATCH-UPD
_b10
_c20130110
_lUCH01
_h1313
590 _aBATCH-UPD
_b10
_c20130410
_lUCH01
_h0825
590 _aBATCH-UPD
_b10
_c20130914
_lUCH01
_h1525
590 _aCONVERSION
_b10
_c20130109
_lUCH01
_h1325
650 1 4 _aGanado vacuno
_xMatanza.
_945478
650 1 4 _aMataderos.
_972885
901 _aBK
942 _cTESIS
949 _bBC
_cTES
_d-113725
_eTS1
_i50635
_si
999 _c45522
_d45522